Biblioteca

Aisha y Alí. (Registro nro. 65235)

Detalles MARC
000 -LÍDER
Campo fijo de descripción fija 01208nam a2200325 i 4500
001 - NÚMERO DE CONTROL
Campo de control 768714001
003 - IDENTIFICADOR DEL NÚMERO DE CONTROL
Campo de control CO-MdFUSB
005 - FECHA Y HORA DE LA ULTIMA TRANSACCIÓN
control field 20190923124320.0
008 - ELEMENTOS DE LONGITUD FIJA -- INFORMACIÓN GENERAL
Campo fijo de descripción fija -- Información general 190919t2010 sp b|||| |||| 00| 0 spa d
020 ## - NÚMERO INTERNACIONAL NORMALIZADO PARA LIBROS
Número Internacional Normalizado del libro 9788466643801
040 ## - FUENTE DE CATALOGACIÓN
Agencia de catalogación original CO-MdFUSB
Idioma de catalogación spa
Agencia que realiza la transcripción CO-MdFUSB
Agencia que realiza la modificación CO-MdFUSBC
Convenciones de la descripción rda
041 ## - CÓDIGO DE IDIOMA
Código de idioma para texto/pista de sonido o título separado spa
082 ## - NÚMERO DE CLASIFICACIÓN DECIMAL DEWEY
Número de la edición del Dewey 23
Número de clasificación 813.609
Clave de autor-Numero de item J76a
100 ## - ASIENTO PRINCIPAL--NOMBRE PERSONAL
Nombre personal Jones, Sherry.
Término relacionador autor
240 ## - TITULO UNIFORME
Título uniforme <a href="The sword of Medina">The sword of Medina</a>
245 ## - TÍTULO
Título del Material Aisha y Alí.
Mención de responsabilidad, etc. / Sherry, Jones ; traducido por Federico Vázquez-Fournier
250 ## - MENCIÓN DE EDICIÓN
Mención de edición Primera edición.
264 ## - PRODUCCIÓN, PUBLICACIÓN, DISTRIBUCIÓN, MANUFACTURA, Y COPYRIGHT
Lugar de producción, publicación, distribución, manufactura Barcelona, España :
Nombre del productor, publicador, distribuidor Ediciones B,
Fecha de producción, publicación, distribución, manufactura, o copyright [2010]
264 ## - PRODUCCIÓN, PUBLICACIÓN, DISTRIBUCIÓN, MANUFACTURA, Y COPYRIGHT
Fecha de producción, publicación, distribución, manufactura, o copyright © 2010
300 ## - DESCRIPCIÓN FÍSICA
Extensión 332 páginas
Dimensiones ; 21 cm
336 ## - TIPO DE CONTENIDO
Fuente rdacontent
Término de tipo de contenido texto
Código de tipo de contenido txt
337 ## - TIPO DE MEDIO
Fuente rdamedia
Nombre del tipo de medio sin mediación
Código del tipo de medio n
338 ## - TIPO DE SOPORTE
Fuente rdacarrier
Nombre del tipo de soporte volumen
Código Tipo de soporte nc
505 ## - NOTA DE CONTENIDO
Nota de contenido con formato preestablecido El primer califa rectamente guiado. Abu Bark 632-634 d.C. -- El segundo califa rectamente guiado Umar 634-644 d.C. -- El tercer califa rectamente guiado. Uthman 644-656 d.C. -- El cuarto califa rectamente guiado. Alí 656-661 d.C.
563 ## - NOTA DE ENCUADERNACIÓN
Nota de encuadernación Rústico
650 #7 - ASIENTO SECUNDARIO DE MATERIA - TERMINO TEMÁTICO
Fuente del encabezamiento o término embne
9 (RLIN) 2493
Término temático o nombre geográfico como elemento de entrada Literatura norteamericana
700 ## - ASIENTO SECUNDARIO - NOMBRE PERSONAL
9 (RLIN) 2484
Nombre personal Vázquez-Fournier, Federico.
Responsabilidad traductor
942 ## - TIPO DE MATERIAL (KOHA)
Tipo de Item KOHA Libros General
945 ## - INFORMACIÓN LOCAL DEL REGISTRO
Catalogador JTF-925
Existencias
Estado de Material Estado de Perdido Forma de Clasificación Estado de Dañado No para Préstamo Colección Biblioteca de Origen Biblioteca Permanente Fecha de Adquisición Área Total de Préstamos Signatura Topográfica Código de Barras Última vez visto Ejemplar/Existencia Fecha de Remplazo Tipo de Material
    Dewey Decimal Classification     Colección General Biblioteca FUSBC Biblioteca FUSBC 19/09/2019 LITERATURA   G 813.609 J76a 4458 12/12/2019 Ej. 1 19/09/2019 Libros General

Biblioteca FUSBC | Teléfono: (57+4) 349 88 10 Ext. 141| WhatsApp (+57) 3005338115 
E-mail: biblioteca@unisbc.edu.co | Calle 76 87-14 Robledo Palenque, Medellín, Colombia

Con tecnología Koha